000 00704nam a22002177a 4500
003 UA-OsUOA
001 108847
007 ta
008 20141117b un ||||| |||| 00| 0 ukr d
100 _aГлотов О.
090 _a94(477)
_bГ54
942 _cSA
040 _aUA-OsUOA
_bukr
_cUA-OsUOA
_dUA-OsUOA
245 _aМикола Островський чи князь Острозький? Про роль історичних постаттей у формуванні зародків державного мислення
300 _aС.13
955 _a0
041 _aukr
080 _a94(477)
773 0 _w108845
650 7 _a9 Географія. Біографії. Історія
_2UDC
999 _c394792
_d394792